Nghi lễ vòng đời người Khmer tỉnh Sóc Trăng
Tác phẩm giới thiệu các nghi lễ vòng đời người Khmer tỉnh Sóc Trăng qua các lễ tục, cưới hỏi, ma chay, thờ cúng...
Wedi'i Gadw mewn:
| Prif Awdur: | |
|---|---|
| Fformat: | Llyfr |
| Iaith: | Undetermined |
| Cyhoeddwyd: |
Hà Nội
Văn hóa Dân tộc
2011
|
| Pynciau: | |
| Tagiau: |
Ychwanegu Tag
Dim Tagiau, Byddwch y cyntaf i dagio'r cofnod hwn!
|
| Thư viện lưu trữ: | Trung tâm Học liệu Trường Đại học Cần Thơ |
|---|
| LEADER | 00770nam a2200193Ia 4500 | ||
|---|---|---|---|
| 001 | CTU_172709 | ||
| 008 | 210402s9999 xx 000 0 und d | ||
| 082 | |a 392.0959799 | ||
| 082 | |b H513 | ||
| 100 | |a Võ, Thành Hùng | ||
| 245 | 0 | |a Nghi lễ vòng đời người Khmer tỉnh Sóc Trăng | |
| 245 | 0 | |c Võ Thành Hùng | |
| 260 | |a Hà Nội | ||
| 260 | |b Văn hóa Dân tộc | ||
| 260 | |c 2011 | ||
| 520 | |a Tác phẩm giới thiệu các nghi lễ vòng đời người Khmer tỉnh Sóc Trăng qua các lễ tục, cưới hỏi, ma chay, thờ cúng... | ||
| 650 | |a Manners and customs,Phong tục tập quán | ||
| 904 | |i Tuyền,Hải | ||
| 980 | |a Trung tâm Học liệu Trường Đại học Cần Thơ | ||